Provincias por su municipio menos poblado - Estadísticas

Estadísticas generales
  • Esta prueba ha sido intentada 55 veces
  • La puntuación promedio es 15 de 50
Estadísticas de respuestas
Hab. Municipio Provincia % Correcto
336 A Teixeira Ourense
86%
160 Arakaldo Bizkaia
79%
22 Castell de Cabres Castelló
63%
675 Mondariz-Balneario Pontevedra
56%
27 Gisclareny Barcelona
53%
223 Negueira de Muñiz Lugo
53%
3 Illán de Vacas Toledo
53%
41 La Febró Tarragona
51%
88 La Vajol Girona
49%
37 Tollos Alicante
44%
495 Ojós Murcia
40%
26 Sempere València
40%
46 Cava Lleida
37%
128 Yernes y Tameza Asturias
35%
90 El Carrascalejo Badajoz
35%
59 Tresviso Cantabria
35%
5 Villarroya La Rioja
35%
55 La Acebeda Madrid
33%
77 Pedroso de Acim Cáceres
30%
155 Añana Álava
28%
181 Escorca Illes Balears
28%
762 Betancuria Las Palmas
28%
6 Valdeprado Soria
28%
62 Villa de Ves Albacete
26%
59 Benitagla Almería
26%
464 Villaluenga del Rosario Cádiz
26%
7 Arandilla del Arroyo Cuenca
26%
53 Cumbres de Enmedio Huelva
26%
39 Matilla la Seca Zamora
26%
356 Hinojares Jaén
23%
33 Escobar de Campos León
23%
15 Perosillo Segovia
23%
1075 Cerdido A Coruña
21%
21 Fago Huesca
21%
11 Salcedillo Teruel
21%
14 Blasconuño de Matacabras Ávila
19%
337 Fuente la Lancha Córdoba
19%
117 Orexa Gipuzkoa
19%
6 Castilnuevo Guadalajara
19%
300 El Madroño Sevilla
19%
16 Bagüés Zaragoza
19%
56 Villar del Pozo Ciudad Real
14%
130 Lobras Granada
14%
21 Cilleros de la Bastida Salamanca
14%
1099 Agulo Santa Cruz de Tenerife
14%
10 Villamedianilla Burgos
12%
173 Salares Málaga
12%
17 Villodre Palencia
12%
17 Aguasal Valladolid
9%
18 Castillonuevo Navarra
7%
No se encontraron pruebas coincidentes
Distribución de puntuación
Porcentaje de gente con cada puntuación
Porcentaje por número respondido
Historial de tus puntuaciones
No has intentado esta prueba.